| 000 | 01083cam a2200313 i 4500 | ||
|---|---|---|---|
| 001 | 4107433 | ||
| 003 | OSt | ||
| 005 | 20220224152325.0 | ||
| 008 | 750723s1976 enka b 001 0 eng | ||
| 010 | _a 75019573 | ||
| 015 | _aGB*** | ||
| 020 |
_a0521210542 : _c$24.00 |
||
| 040 |
_aDLC _cHU _dDLC |
||
| 050 | 0 | 0 |
_aS599.9.T76 _bY68 |
| 082 | 0 | 0 | _a631.4/913 |
| 100 | 1 |
_aYoung, Anthony. _913954 |
|
| 245 | 1 | 0 |
_aTropical soils and soil survey / _cAnthony Young. |
| 260 |
_aCambridge ; _aNew York : _bCambridge University Press, _c1976. |
||
| 300 |
_aviii, 468 p. : _bill. ; _c24 cm. |
||
| 440 | 0 |
_aCambridge geographical studies ; _v9 _931607 |
|
| 500 | _aIncludes index. | ||
| 504 | _aBibliography: p. 436-457. | ||
| 650 | 0 |
_aSoils _zTropics. _931608 |
|
| 650 | 0 |
_aSoil surveys _zTropics. _931609 |
|
| 856 | 4 | 1 |
_3Table of contents only _uhttp://www.loc.gov/catdir/enhancements/fy1002/75019573-t.html |
| 856 | 4 | 2 |
_3Publisher description _uhttp://www.loc.gov/catdir/enhancements/fy1002/75019573-d.html |
| 906 |
_a7 _bcbc _corignew _d1 _eocip _f19 _gy-gencatlg |
||
| 942 |
_2ddc _cBOOKS _n0 |
||
| 999 |
_c31636 _d31636 |
||